|
|
|
|
| LEADER |
00721nam a22002177a 4500 |
| 001 |
28877 |
| 003 |
BD-DhAAL |
| 005 |
20150215121305.0 |
| 008 |
150215s2012 ph a|||| |||| 00| 0 eng d |
| 020 |
|
|
|a 9789719557319
|
| 040 |
|
|
|a BD-DhAAL
|c BD-DhAAL
|
| 082 |
|
|
|2 22
|a 363.738/746
|
| 245 |
|
|
|a IBON primer on climate finance
|
| 260 |
|
|
|a Quezon city :
|b IBON International,
|c 2012
|
| 300 |
|
|
|a iv, 92 p. :
|b ill. ;
|c 26 cm.
|
| 541 |
|
|
|e 28877
|
| 650 |
|
|
|a Climatic changes
|x Economic aspects
|9 8441
|
| 710 |
|
|
|a IBON internaional
|9 8442
|
| 942 |
|
|
|2 ddc
|c BK
|
| 999 |
|
|
|c 33703
|d 33703
|
| 952 |
|
|
|0 0
|1 0
|2 ddc
|4 0
|6 363_738746000000000_IBO
|7 0
|9 52642
|a C3ER
|b C3ER
|c GEN
|d 2015-02-15
|l 0
|o 363.738746 IBO
|p 3010028877
|r 2015-02-15
|t 1
|w 2015-02-15
|y BK
|